Mouseheart (Record no. 25216)

MARC details
000 -LEADER
fixed length control field 00698nam a22002417a 4500
003 - CONTROL NUMBER IDENTIFIER
control field OSt
005 - DATE AND TIME OF LATEST TRANSACTION
control field 20260625121827.0
008 - FIXED-LENGTH DATA ELEMENTS--GENERAL INFORMATION
fixed length control field 260625b |||||||| |||| 00| 0 eng d
020 ## - INTERNATIONAL STANDARD BOOK NUMBER
International Standard Book Number 9781442487819
040 ## - CATALOGING SOURCE
Transcribing agency Chuka University Library
050 ## - LIBRARY OF CONGRESS CALL NUMBER
Classification number PZ 7
Item number .F54 2014
100 ## - MAIN ENTRY--PERSONAL NAME
Personal name Fiedler Lisa
9 (RLIN) 31204
245 ## - TITLE STATEMENT
Title Mouseheart
260 ## - PUBLICATION, DISTRIBUTION, ETC.
Place of publication, distribution, etc. New York
Name of publisher, distributor, etc. Margaret k. McElderry Books
Date of publication, distribution, etc. 2014
300 ## - PHYSICAL DESCRIPTION
Extent 315 pages
Other physical details illustrated
650 ## - SUBJECT ADDED ENTRY--TOPICAL TERM
Topical term or geographic name entry element Adventure and Adventures Fiction
9 (RLIN) 30416
650 ## - SUBJECT ADDED ENTRY--TOPICAL TERM
Topical term or geographic name entry element Mice-Fiction
9 (RLIN) 30413
650 ## - SUBJECT ADDED ENTRY--TOPICAL TERM
Topical term or geographic name entry element Rats Fiction
9 (RLIN) 30433
650 ## - SUBJECT ADDED ENTRY--TOPICAL TERM
Topical term or geographic name entry element Cats -Fiction
9 (RLIN) 22912
650 ## - SUBJECT ADDED ENTRY--TOPICAL TERM
Topical term or geographic name entry element Secrets-Fiction
9 (RLIN) 31205
700 ## - ADDED ENTRY--PERSONAL NAME
Personal name Vivienne To (illustrator)
9 (RLIN) 31206
942 ## - ADDED ENTRY ELEMENTS (KOHA)
Source of classification or shelving scheme Library of Congress Classification
Koha item type Long Loan Books
Suppress in OPAC No
Holdings
Withdrawn status Lost status Source of classification or shelving scheme Damaged status Not for loan Collection Home library Current library Shelving location Date acquired Source of acquisition Cost, normal purchase price Total Checkouts Full call number Barcode Date last seen Price effective from Koha item type
    Library of Congress Classification     General Collection Books Main Campus Library Main Campus Library General Stacks 25/06/2026 Donation from Books for Africa 1034.85   PZ 7 .F54 2014 36047/2026 25/06/2026 25/06/2026 Long Loan Books

Powered by Koha